00624 2200217 4500001002100000005001500021035002000036008004100056245011400097250001100211260005000222300002600272084001500298082001100313650002400324990001400348990001100362990001100373990001100384990001100395INLIS00000000000908820210624103048 a0010-0621000156210624 g 0 ind  aUndang-Undang Dasar Negara Republik Indonesia Tahun 1945 /cMajelis Permusyawaratan Rakyat Republik Indonesia acet.15 aJakarta :bSekretariat Jenderal MPR RI,c2016 aXX, 171 hlm ;c14 cm. a342.02 UND a342.02 4aUNDANG-UNDANG DASAR a8303 abcd a8303 a a8303 b a8303 c a8303 d